Barang kemas melayu tradisi

Bibliographic Details
Main Author: Mohd. Kassim Hj. Ali
Format: Book
Published: Kuala Lumpur : DBP , 1990
Subjects:

MARC

LEADER 00000cam a2200000 7i4500
001 0000008400
002 000009156
005 20000330.0
020 |a 9836213112 
090 0 0 |a 745.5942   |b MOH 
100 0 |a Mohd. Kassim Hj. Ali 
245 1 0 |a Barang kemas melayu tradisi   |c Mohd. Kassim Hj. Ali 
260 |a Kuala Lumpur :   |b DBP ,   |c 1990 
300 |a 174p. :   |b ill. ;   |c 28cm. 
650 0 0 |a Jewelry 
999 |a 023157   |b BUKU   |c MALAYSIANA   |e PERPUSTAKAAN KOMUNITI PETALING JAYA 
999 |a 051232   |b BUKU   |c MALAYSIANA   |e PERPUSTAKAAN KOMUNITI PETALING JAYA 
999 |a 054201   |b BUKU   |c PINJAMAN   |e PERPUSTAKAAN KOMUNITI PETALING JAYA